| 000 | 00909nam a2200241 i 4500 | ||
|---|---|---|---|
| 001 | bgj | ||
| 100 | 1 | _aHARRIS, Michael | |
| 245 | 1 | 0 |
_aNew Opportunities : _bkurs przygotowujący do matury : pre-intermediate : student's book / _cMichael Harris, David Mower, Anna Sikorzyńska. |
| 260 |
_aHarlow, Essex : _bLongman, _cc. 2004. |
||
| 300 |
_a144 pp : _bill. ; _c30 cm. |
||
| 505 | _aIncludes mini dictionary in a pocket on a backcover. | ||
| 505 | _a"New Opportunities Pre-intermediate Mini-Dictionary " by Christina Ruse, translated by Agnieszka Leńko-Szymańska. | ||
| 650 | 9 |
_aEnglish language _xPre-Intermediate _xMatura |
|
| 655 | _aTextbooks for foreigners | ||
| 700 | 1 |
_aMOWER, David. _eco-author |
|
| 700 | 1 |
_aSIKORZYŃSKA, Anna. _eco-author |
|
| 020 | _a0582823714 | ||
| 040 | _cBPK | ||
| 041 | 0 | _aeng | |
| 920 | _a0-582-82371-4 | ||
| 942 | _cKS | ||
| 008 | s uk f |000 0 eng | ||
| 999 |
_c49010 _d49010 |
||